Statistics for Fortnite Season Themes

Click here to take the quiz!

General Stats

  • This quiz has been taken 24 times
  • The average score is 2 of 5

Answer Stats

season theme % Correct
3space
85%
4superheroes
38%
1halloween
31%
5vikings
31%
2medieval
15%

Score Distribution

Percentile by Number Answered

Percent of People with Each Score

Your Score History

You have not taken this quiz